000 01068nam a22002537a 4500
005 20240530110618.0
008 161207s2014 iy a f b 000 0 ara d
017 _a1434/8328
_bالسعودية . مكتبة الملك فهد الوطنية
020 _a9786038139127
040 _aEG-CaGPL
_cEG-CaGPL
082 0 7 _221
_a616.85223\
_bم إ
100 0 _aمحمود ابوالمجد حسن عثمان .
245 1 0 _aاضطراب العناد المتحدى :
_bالتشخيص و العلاج /
_cمحمود ابوالمجد حسن عثمان ؛ مراجعة و تقديم هالة خير سنارى اسماعيل .
250 _aط.1
260 _bدار الزهراء ،
_aالرياض :
_c2014 .
300 _a223 ص. ؛
_c24 سم .
504 _aببليوجرافية : ص 211 - 220
650 0 7 _2qrmak
_aعلم النفس .
650 0 7 _2qrmak
_aاضطرابات السلوك .
651 _2qrmak
700 0 _aهالة خير سنارى اسماعيل
_eمراجع و مقدم .
942 _2ddc
_cBK
999 _c63009
_d63009